All Teams in Brazilian Serie A since 2003 - Statistics

General Stats
  • This quiz has been taken 375 times
  • The average score is 35 of 41
Answer Stats
State Team % Correct
MG Atlético Mineiro
98%
RJ Flamengo
98%
SP São Paulo
98%
RJ Botafogo
96%
SP Corinthians
96%
MG Cruzeiro
96%
RJ Fluminense
96%
RS Grêmio
96%
SP Santos
96%
BA Bahia
95%
SP Palmeiras
94%
PR Atlético Paranaense
92%
RS Internacional
92%
CE Ceará
91%
GO Goiás
91%
RN América de Natal
90%
MG América Mineiro
90%
CE Fortaleza
90%
PE Sport
90%
PR Coritiba
89%
RJ Vasco da Gama
89%
BA Vitória
89%
GO Atlético Goianiense
87%
SC Chapecoense
87%
SC Avaí
85%
PR Paraná
84%
SC Criciúma
83%
RS Juventude
82%
PE Náutico
81%
SP Ponte Preta
81%
DF Brasiliense
79%
PA Paysandu
79%
SC Figueirense
78%
SC Joinville
78%
SP Guarani
77%
PE Santa Cruz
77%
SP Portuguesa
72%
SP São Caetano
70%
SP Santo André
67%
MG Ipatinga
63%
SP Grêmio Barueri/Grêmio Prudente
58%
No matching quizzes found
Score Distribution
Percent of People with Each Score
Percentile by Number Answered
Your Score History
You have not taken this quiz